| 000 | 04247 a2200445 4500 | ||
|---|---|---|---|
| 003 | Nust | ||
| 005 | 20170207164544.0 | ||
| 035 | _a(SFX)1000000000350594 | ||
| 035 | _a(WaSeSS)ssj0000108189 | ||
| 035 | _a(WaSeSS)ssj0000108189 | ||
| 035 | _a(WaSeSS)ssj0000108189 | ||
| 035 | _a(WaSeSS)ssj0000108189 | ||
| 035 | _a(WaSeSS)ssj0000108189 | ||
| 035 | _a(WaSeSS)ssj0000108189 | ||
| 035 | _a(WaSeSS)ssj0000108189 | ||
| 040 | _cNust | ||
| 100 | 1 | _aMorton, John | |
| 245 | 1 | 0 |
_aAVR : An Introductory Course _h[Elektronisk resurs] |
| 260 |
_aBurlington : _bNewnes _c2002 |
||
| 300 | _a127p | ||
| 500 | _aE Book | ||
| 856 | 4 | 0 | _uhttp://costello.pub.hb.se/login?url=http://site.ebrary.com/lib/boras/Top?id=10190785 |
| 856 | 4 | 0 | _uhttp://db.ub.oru.se/login?url=http://site.ebrary.com/lib/universitetsbiblioteket/Top?id=10190785 |
| 856 | 4 | 0 | _uhttp://ezproxy.bib.hh.se/login?url=http://site.ebrary.com/lib/halmstad/Top?id=10190785 |
| 856 | 4 | 0 | _uhttp://ezproxy.its.uu.se/login?url=http://site.ebrary.com/lib/uppsala/Top?id=10190785 |
| 856 | 4 | 0 | _uhttp://link.libris.kb.se/sfxhv?url_ver=Z39.88-2004&ctx_ver=Z39.88-2004&ctx_enc=info:ofi/enc:UTF-8&rfr_id=info:sid/sfxit.com:opac_856&url_ctx_fmt=info:ofi/fmt:kev:mtx:ctx&sfx.ignore_date_threshold=1&rft.object_id=1000000000350594&svc_val_fmt=info:ofi/fmt:kev:mtx:sch_svc& |
| 856 | 4 | 0 | _uhttp://link.libris.kb.se/sfxprv?url_ver=Z39.88-2004&ctx_ver=Z39.88-2004&ctx_enc=info:ofi/enc:UTF-8&rfr_id=info:sid/sfxit.com:opac_856&url_ctx_fmt=info:ofi/fmt:kev:mtx:ctx&sfx.ignore_date_threshold=1&rft.object_id=1000000000350594&svc_val_fmt=info:ofi/fmt:kev:mtx:sch_svc& |
| 856 | 4 | 0 | _uhttp://link.libris.kb.se/sfxrb?url_ver=Z39.88-2004&ctx_ver=Z39.88-2004&ctx_enc=info:ofi/enc:UTF-8&rfr_id=info:sid/sfxit.com:opac_856&url_ctx_fmt=info:ofi/fmt:kev:mtx:ctx&sfx.ignore_date_threshold=1&rft.object_id=1000000000350594&svc_val_fmt=info:ofi/fmt:kev:mtx:sch_svc& |
| 856 | 4 | 0 | _uhttp://link.sub.su.se/sfxsub?url_ver=Z39.88-2004&ctx_ver=Z39.88-2004&ctx_enc=info:ofi/enc:UTF-8&rfr_id=info:sid/sfxit.com:opac_856&url_ctx_fmt=info:ofi/fmt:kev:mtx:ctx&sfx.ignore_date_threshold=1&rft.object_id=1000000000350594&svc_val_fmt=info:ofi/fmt:kev:mtx:sch_svc& |
| 856 | 4 | 0 | _uhttp://miman.bib.bth.se/login?url=http://site.ebrary.com/lib/bthbib/Top?id=10190785 |
| 856 | 4 | 0 | _uhttp://proxy.lib.chalmers.se/login?url=http://site.ebrary.com/lib/chalmers/Top?id=10190785 |
| 856 | 4 | 0 | _uhttp://proxy.lib.chalmers.se/login?url=http://www.engineeringvillage.com/controller/servlet/OpenURL?genre=book&isbn=9780750656351 |
| 856 | 4 | 0 | _uhttp://proxy.lib.chalmers.se/login?url=http://www.sciencedirect.com/science/book/9780750656351 |
| 856 | 4 | 0 | _uhttp://sfxeu05.hosted.exlibrisgroup.com/46LUB?url_ver=Z39.88-2004&ctx_ver=Z39.88-2004&ctx_enc=info:ofi/enc:UTF-8&rfr_id=info:sid/sfxit.com:opac_856&url_ctx_fmt=info:ofi/fmt:kev:mtx:ctx&sfx.ignore_date_threshold=1&rft.object_id=1000000000350594&svc_val_fmt=info:ofi/fmt:kev:mtx:sch_svc& |
| 856 | 4 | 0 | _uhttp://sfxeu10.hosted.exlibrisgroup.com/sfxkth?url_ver=Z39.88-2004&ctx_ver=Z39.88-2004&ctx_enc=info:ofi/enc:UTF-8&rfr_id=info:sid/sfxit.com:opac_856&url_ctx_fmt=info:ofi/fmt:kev:mtx:ctx&sfx.ignore_date_threshold=1&rft.object_id=1000000000350594&svc_val_fmt=info:ofi/fmt:kev:mtx:sch_svc& |
| 856 | 4 | 0 | _uhttp://sfxeu11.hosted.exlibrisgroup.com/mah?url_ver=Z39.88-2004&ctx_ver=Z39.88-2004&ctx_enc=info:ofi/enc:UTF-8&rfr_id=info:sid/sfxit.com:opac_856&url_ctx_fmt=info:ofi/fmt:kev:mtx:ctx&sfx.ignore_date_threshold=1&rft.object_id=1000000000350594&svc_val_fmt=info:ofi/fmt:kev:mtx:sch_svc& |
| 856 | 4 | 0 | _uhttp://sfxeu11.hosted.exlibrisgroup.com/sfxslub?url_ver=Z39.88-2004&ctx_ver=Z39.88-2004&ctx_enc=info:ofi/enc:UTF-8&rfr_id=info:sid/sfxit.com:opac_856&url_ctx_fmt=info:ofi/fmt:kev:mtx:ctx&sfx.ignore_date_threshold=1&rft.object_id=1000000000350594&svc_val_fmt=info:ofi/fmt:kev:mtx:sch_svc& |
| 856 | 4 | 0 | _uhttp://sfxeu11.hosted.exlibrisgroup.com/sfxumub?url_ver=Z39.88-2004&ctx_ver=Z39.88-2004&ctx_enc=info:ofi/enc:UTF-8&rfr_id=info:sid/sfxit.com:opac_856&url_ctx_fmt=info:ofi/fmt:kev:mtx:ctx&sfx.ignore_date_threshold=1&rft.object_id=1000000000350594&svc_val_fmt=info:ofi/fmt:kev:mtx:sch_svc& |
| 856 | 4 | 0 | _uhttp://www.du.se/proxy.aspx?url=http://site.ebrary.com/lib/dalarna/Top?id=10190785 |
| 942 |
_2ddc _cBK |
||
| 999 |
_c209237 _d209237 |
||